000
00319nam a22001457a 4500
008
230426b ||||| |||| 00| 0 eng d
020
_a
1587651998
041
_a
eng
080
_2
VOLUME 2
_a
159.9
082
_a
159.9MAG
100
_a
25
101
_a
PSI
245
_a
PSYCHOLOGY BASICS
_c
MAGILL'S
942
_2
udc
_c
BK
999
_c
59622
_d
59622